Pojišťovnictví dnes a zítra Slovensko

Súčasný stav poisťovníctva na Slovensku - 13 poisťovní. Slovenská poisťovňa - dominantné postavenie. Vstup niektorých známych európskych poisťovní na slovenský trh. Slovenská poisťovňa pred privatizáciou. Kontrola poisťovní. Slovenská asociácia poisťovien (SAP) - podmienky členstva.

Salvato in:
Dettagli Bibliografici
Autore principale: Zábojníková, M.
Natura: Capitolo di libro
Lingua:ceco
Soggetti:
Tags: Aggiungi Tag
Nessun Tag, puoi essere il primo ad aggiungerne!!

MARC

LEADER 00000naa a2200000 4500
001 r018021
005 20221205101441.4
041 0 |a cze 
044 |a CZ 
245 1 0 |a Pojišťovnictví dnes a zítra  |b Slovensko  |c M. Zábojníková 
520 |a Súčasný stav poisťovníctva na Slovensku - 13 poisťovní. Slovenská poisťovňa - dominantné postavenie. Vstup niektorých známych európskych poisťovní na slovenský trh. Slovenská poisťovňa pred privatizáciou. Kontrola poisťovní. Slovenská asociácia poisťovien (SAP) - podmienky členstva. 
610 2 0 |a poisťovníctvo 
610 2 0 |a privatizácia 
610 2 0 |a kontrola 
610 2 0 |a poisťovne 
610 2 0 |a Slovensko 
100 1 |a Zábojníková, M.